Budapest HÉV H7 line stops - Statistics

General Stats
  • This quiz has been taken 63 times
  • The average score is 5 of 6
Answer Stats
Answer Interchange % Correct
Csepel
100%
Boráros tér 2, 2B, 4, 6, 23
95%
Müpa – Nemzeti Színház H6, 1, 2, 24
95%
Szent Imre tér
88%
Szabadkikötő
81%
Karácsony Sándor utca
79%
No matching quizzes found
Score Distribution
Percent of People with Each Score
Percentile by Number Answered
Your Score History
You have not taken this quiz